书目信息 |
| 题名: |
生化生产工艺学
|
|
| 作者: | 林东强 , 梅乐和 , 姚善泾 编著 | |
| 分册: | ||
| 出版信息: | 北京 科学出版社 1999 |
|
| 页数: | 320 | |
| 开本: | 26cm | |
| 丛书名: | ||
| 单 册: | ||
| 中图分类: | TQ110.3 | |
| 科图分类: | ||
| 主题词: | 无机化工 | |
| 电子资源: | ||
| ISBN: | 7-03-007344-4 | |
| 000 | 00651nam0 2200205 450 | |
| 001 | 0754114953 | |
| 005 | 20070929150154.95 | |
| 010 | @a7-03-007344-4 | |
| 100 | @a20070929d km y0chiy0120 ea | |
| 101 | 0 | @achi |
| 200 | 1 | @a生化生产工艺学@Asheng hua sheng chan gong yi xue@f梅乐和,姚善泾,林东强 编著@Fmei yue he,yao shan jing,lin dong qiang bian zhu |
| 210 | @a北京@c科学出版社@d1999 | |
| 215 | @a320@c插图@d26cm | |
| 606 | 0 | @a无机化工 |
| 690 | @aTQ110.3@v3 | |
| 701 | 0 | @a林东强@Alin dong qiang@4编著 |
| 701 | 0 | @a梅乐和@Amei yue he@4编著 |
| 701 | 0 | @a姚善泾@Ayao shan jing@4编著 |
| 801 | 0 | @aCN@bPFT@c20070929 |
| 905 | @a213230@dTQ110.3@eh48@f1 | |
| 生化生产工艺学/梅乐和,姚善泾,林东强 编著.-北京:科学出版社,1999 |
| 320:插图;26cm |
| ISBN 7-03-007344-4: |
| ● |
| 相关链接 |
|
|
|
|
正题名:生化生产工艺学
索取号:TQ110.3/h48
 
预约/预借
| 序号 | 登录号 | 条形码 | 馆藏地/架位号 | 状态 | 备注 |
| 1 | 6000915 | 260009154 | 化学系资料室/ [索取号:TQ110.3/h48] | 在馆 |